Hellen Key o la libertad de amar / (Record no. 16893)

MARC details
000 -LEADER
campo de control de longitud fija 00535nam a2200181 i 4500
001 - NÚMERO DE CONTROL
campo de control 16893
003 - IDENTIFICADOR DE NÚMERO DE CONTROL
campo de control ES-MaACL
005 - FECHA Y HORA DE LA ÚLTIMA TRANSACCIÓN
campo de control 20230906151421.0
007 - CAMPO FIJO DE DESCRIPCIÓN FÍSICA--INFORMACIÓN GENERAL
campo de control de longitud fija t|
008 - DATOS DE LONGITUD FIJA--INFORMACIÓN GENERAL
campo de control de longitud fija 001120q19601969fr ||||1| spa d
080 ## - NÚMERO DE LA CLASIFICACIÓN DECIMAL UNIVERSAL
Número de la Clasificación Decimal Universal 37 Key, Hellen
100 1# - ENTRADA PRINCIPAL--NOMBRE DE PERSONA
Nombre de persona Valenti Camp, Santiago.
9 (RLIN) 112598
245 10 - MENCIÓN DEL TÍTULO
Título Hellen Key o la libertad de amar /
Mención de responsabilidad, etc. Santiago Valenti Camp.
260 ## - PUBLICACIÓN, DISTRIBUCIÓN, ETC.
Lugar de publicación, distribución, etc. [Toulouse] :
Nombre del editor, distribuidor, etc. Cenit,
Fecha de publicación, distribución, etc. [196-?]
300 ## - DESCRIPCIÓN FÍSICA
Extensión 48 p. ;
Dimensiones 22 cm.
600 14 - PUNTO DE ACCESO ADICIONAL DE MATERIA--NOMBRE DE PERSONA
Nombre de persona Key, Hellen-
Subdivisión general Pensamiento pedagógico.
9 (RLIN) 67972
852 ## - LOCALIZACIÓN
Ubicación ES-MaACL
Número de control de estantería 2157-F-2
Sublocalización o colección R.126902
Holdings
Estatus retirado Estado de pérdida Estado de daño No para préstamo Colección Biblioteca de origen Biblioteca actual Ubicación en estantería Fecha de adquisición Fuente de adquisición Total de préstamos Signatura topográfica completa Código de barras Visto por última vez Precio de reemplazo Tipo de ítem Koha
        Colección de folletos Biblioteca del Ateneo de Madrid Biblioteca del Ateneo de Madrid Depósito folletos 17/01/2008     2157-F-2 1017158 23/02/2023 23/02/2023 Folleto